000 00308nam a22001337a 4500
008 190205b xxu||||| |||| 00| 0 eng d
020 _a0913878200
041 _aeng
080 _a331.101.262
100 _a52
101 _aBNJ
245 _aStrategic Human Resource Planning
_cBiles, G.E
942 _2udc
_cBK
999 _c53994
_d53994